000 00658nam a2200229 a 4500
001 37916
003 BD-RjUL
005 20211209052704.0
008 170123s1966 pk a|||| |||| 00| 0 eng d
035 _a(BD-RjUL)38021
040 _aBD-RjUL
_beng
_cBD-RjUL
_dBD-RjUL
041 _aeng
082 _a657
_bAKA 1966
_223
100 _aAkhtar, Abul Husam
_9117471
245 _aAccounting problems with solutions /
_cAbul Husam Akhtar
250 _a1st ed.
260 _aKarachi :
_bWPIDC press,
_c1966.
300 _a474 p. :
_bill. ;
_c24 cm.
650 _aAccounting
_9117472
650 _aAccounting
_vProblems, exercises, etc.
_9182464
942 _2ddc
_cBK
999 _c37916
_d37916